[Event "XVII Memorial Edoardo Crespi A"]
[Site "Milano ITA"]
[Date "1996.12.21"]
[Round "7"]
[White "Misiano, Franco"]
[Black "Qendro, Llambi"]
[Result "0-1"]
[WhiteElo "2225"]
[BlackElo "2325"]
[PlyCount "84"]
[EventDate "1996.12.15"]

1.e4 g6 2.d4 Bg7 3.Nc3 c6 4.h3 d5 5.Nf3 Nf6 6.e5 Ne4 7.Bd3 Nxc3 8.bxc3 c5 
9.O-O O-O 10.Re1 Qa5 11.Bd2 c4 12.Bf1 Qa4 13.Bf4 Bf5 14.Re2 Nc6 15.g4 Be6 
16.Bg2 Qa3 17.Qe1 b5 18.Bc1 Qa4 19.a3 Rfb8 20.Bf4 a5 21.Qc1 b4 22.axb4 Qb5
23.bxa5 Rxa5 24.Re1 Rba8 25.Rxa5 Qxa5 26.Qd2 Na7 27.Bg5 Kf8 28.Bh6 Nb5 29.
Ng5 Bxh6 30.Nxe6+ fxe6 31.Qxh6+ Kg8 32.Qd2 Qxc3 33.Qxc3 Nxc3 34.Kf1 Nb5 
35.Rd1 Ra2 36.f4 Rxc2 37.f5 Kf7 38.fxe6+ Kxe6 39.Rb1 Nxd4 40.Rb6+ Kxe5 41.
Rb7 e6 42.Rxh7 Kf4 0-1

[Event "XVII Memorial Edoardo Crespi A"]
[Site "Milano ITA"]
[Date "1996.12.21"]
[Round "7"]
[White "Mrdja, Milan"]
[Black "Di Fonzo, Valerio"]
[Result "1-0"]
[WhiteElo "2455"]
[BlackElo "2225"]
[PlyCount "69"]
[EventDate "1996.12.15"]

1.e4 e5 2.Nf3 Nc6 3.Bb5 a6 4.Ba4 Nf6 5.O-O Nxe4 6.d4 b5 7.Bb3 d5 8.dxe5 
Be6 9.c3 Bc5 10.Nbd2 O-O 11.Bc2 Nxf2 12.Rxf2 f6 13.exf6 Bxf2+ 14.Kxf2 Qxf6
15.Kg1 Rae8 16.Qf1 Ne5 17.Nxe5 Qxe5 18.Nf3 Qh5 19.Bd2 Bg4 20.Bd1 Qg6 21.
Qf2 c5 22.Qg3 Qf5 23.h3 Bh5 24.Kh2 Qd3 25.Bf4 Qf1 26.Rc1 Qc4 27.Be5 Bg6 
28.Bb3 Qe2 29.Bxd5+ Kh8 30.Re1 Qxb2 31.Nh4 Qf2 32.Nxg6+ hxg6 33.Qxg6 Rxe5 
34.Rxe5 Qf4+ 35.Qg3 1-0

[Event "XVII Memorial Edoardo Crespi A"]
[Site "Milano ITA"]
[Date "1996.12.21"]
[Round "7"]
[White "Murgia, Andrea"]
[Black "Vujovic, Milorad"]
[Result "1-0"]
[WhiteElo "2175"]
[BlackElo "2310"]
[PlyCount "73"]
[EventDate "1996.12.15"]

1.e4 c6 2.d4 Na6 3.Nf3 g6 4.c3 Nc7 5.Nbd2 Bg7 6.Bd3 d6 7.O-O Nf6 8.e5 dxe5
9.Nxe5 O-O 10.Ndf3 Nfd5 11.Re1 f6 12.Nc4 Be6 13.Qc2 Bf7 14.Bd2 Qd7 15.Re4 
Rad8 16.Rae1 Rfe8 17.h4 b5 18.Na5 Nb6 19.Nb7 Rb8 20.Nc5 Qd8 21.h5 Nd7 22.
hxg6 hxg6 23.Ne6 Nxe6 24.Rxe6 Bxe6 25.Rxe6 Nf8 26.Rxc6 Qd5 27.Rc5 Qxa2 28.
Nh4 Rec8 29.Nxg6 Nxg6 30.Bxg6 Rxc5 31.dxc5 Qc4 32.Be3 b4 33.Bd3 Qa2 34.c6 
b3 35.Bc4+ Kh8 36.Qf5 e6 37.Qh5+ 1-0

[Event "XVII Memorial Edoardo Crespi A"]
[Site "Milano ITA"]
[Date "1996.12.21"]
[Round "7"]
[White "Nurkic, Sahbaz"]
[Black "Dorighet, Claudio"]
[Result "1-0"]
[WhiteElo "2405"]
[BlackElo "1897"]
[PlyCount "191"]
[EventDate "1996.12.15"]

1.e4 c5 2.c3 b6 3.d4 Bb7 4.f3 cxd4 5.cxd4 g6 6.Nc3 Bg7 7.Be3 Nf6 8.Bd3 a6 
9.Nge2 d6 10.O-O O-O 11.Rc1 Nc6 12.Kh1 Nd7 13.f4 e5 14.fxe5 dxe5 15.d5 Nd4
16.Bb1 Nxe2 17.Qxe2 Qe7 18.Na4 Qd8 19.Qf2 b5 20.Nc5 Bc8 21.b4 h6 22.Nxd7 
Qxd7 23.Bc5 Re8 24.Bb6 f6 25.Rc7 Qd6 26.a3 Rb8 27.Rc6 Qd7 28.Ba2 Kh7 29.
Rc7 Qd6 30.Qxf6 Qxc7 31.Bxc7 Bxf6 32.Bxb8 Kg7 33.Bd6 Bg5 34.Bc5 Bg4 35.d6 
Bf6 36.Bd5 Bd7 37.Bb7 h5 38.h3 Rb8 39.Bd5 h4 40.Kh2 Rh8 41.Be3 Rc8 42.Bh6+
Kxh6 43.Rxf6 Kg5 44.Rf7 Rd8 45.Kg1 Bc8 46.Rc7 Kf6 47.Kf2 Be6 48.Bxe6 Kxe6 
49.Rc6 Rf8+ 50.Ke3 g5 51.Rxa6 Rc8 52.Kd3 Rc1 53.d7+ Kxd7 54.Rg6 Ra1 55.
Rxg5 Rxa3+ 56.Ke2 Rb3 57.Rxe5 Rxb4 58.Kf3 Kd6 59.Rd5+ Ke6 60.Rh5 Rb3+ 61.
Kg4 Rg3+ 62.Kxh4 Rxg2 63.Rxb5 Re2 64.Rb4 Rg2 65.Kh5 Ke5 66.h4 Rg8 67.Ra4 
Rh8+ 68.Kg4 Rg8+ 69.Kf3 Rf8+ 70.Ke3 Rf1 71.Ra5+ Kf6 72.Ra8 Re1+ 73.Kf4 
Rf1+ 74.Kg4 Re1 75.Rf8+ Kg7 76.Rf4 Ra1 77.Kf5 Kf7 78.Kg5+ Kg7 79.e5 Ra6 
80.h5 Re6 81.Rf6 Kh7 82.Kf4 Kg7 83.Rg6+ Kf7 84.Rg3 Ra6 85.Kf5 Rh6 86.Rh3 
Kf8 87.Kg5 Kg7 88.Ra3 Rb6 89.h6+ Kg8 90.Ra8+ Kh7 91.Kf5 Rxh6 92.e6 Rh5+ 
93.Kf6 Rh1 94.e7 Rf1+ 95.Kg5 Rg1+ 96.Kf4 1-0

[Event "XVII Memorial Edoardo Crespi A"]
[Site "Milano ITA"]
[Date "1996.12.21"]
[Round "7"]
[White "Wohl, Aleksandar H."]
[Black "Vismara, Daniele"]
[Result "1-0"]
[WhiteElo "2400"]
[BlackElo "2155"]
[PlyCount "49"]
[EventDate "1996.12.15"]

1.e4 c5 2.Nf3 d6 3.d4 cxd4 4.Nxd4 Nf6 5.Nc3 g6 6.Be3 Bg7 7.f3 O-O 8.Qd2 
Nc6 9.Bc4 Bd7 10.O-O-O Ne5 11.Bb3 Qa5 12.Bh6 Bxh6 13.Qxh6 Rfc8 14.Nde2 Be6
15.Kb1 Qb4 16.h4 a6 17.h5 a5 18.Rd4 Bc4 19.a3 Qc5 20.Bxc4 Nxc4 21.hxg6 
fxg6 22.Nd5 Kf7 23.Nxf6 Kxf6 24.Qh4+ Qg5 25.e5+ 1-0

[Event "XVII Memorial Edoardo Crespi A"]
[Site "Milano ITA"]
[Date "1996.12.22"]
[Round "8"]
[White "Bemporad, Filippo"]
[Black "Cazzaniga, Walter"]
[Result "1/2-1/2"]
[WhiteElo "1900"]
[BlackElo "2235"]
[PlyCount "84"]
[EventDate "1996.12.15"]

1.d4 f5 2.Nf3 Nf6 3.c4 g6 4.Nc3 Bg7 5.g3 O-O 6.Bg2 d6 7.O-O Qe8 8.b3 c6 9.
Bb2 Na6 10.e3 e5 11.Nd2 Ng4 12.Ne2 g5 13.h3 Nh6 14.a3 f4 15.dxe5 dxe5 16.
exf4 gxf4 17.gxf4 Qg6 18.Kh2 exf4 19.Bxg7 Kxg7 20.Nf3 Qf6 21.Qd4 Qxd4 22.
Nexd4 Bf5 23.Rfe1 Rae8 24.Rxe8 Rxe8 25.Re1 Rxe1 26.Nxe1 Kf6 27.Nef3 Nc5 
28.b4 Nd3 29.Kg1 Be4 30.c5 Nf5 31.Nxf5 Kxf5 32.Kf1 a5 33.Nd4+ Ke5 34.Bxe4 
Kxe4 35.Ne6 axb4 36.axb4 h6 37.Nd8 Nxb4 38.Nxb7 Nd3 39.Nd6+ Kf3 40.Nf5 
Nxf2 41.Nxh6 Nxh3 42.Nf5 Ke4 1/2-1/2

[Event "XVII Memorial Edoardo Crespi A"]
[Site "Milano ITA"]
[Date "1996.12.22"]
[Round "8"]
[White "Bolico, Exfelicos"]
[Black "Hitzgerova, Gabriela"]
[Result "1-0"]
[WhiteElo "2220"]
[BlackElo "2125"]
[PlyCount "79"]
[EventDate "1996.12.15"]

1.d4 Nf6 2.c4 g6 3.g3 Bg7 4.Bg2 O-O 5.Nf3 d6 6.Nc3 c6 7.O-O Qa5 8.e4 e5 9.
h3 Nbd7 10.Be3 Re8 11.Qd2 Nf8 12.d5 c5 13.Nh4 Nh5 14.Kh2 Qd8 15.Bf3 Nf4 
16.gxf4 exf4 17.Bxf4 Qxh4 18.Bg2 Be5 19.Bg3 Bxg3+ 20.fxg3 Qe7 21.e5 dxe5 
22.d6 Qd8 23.Nd5 Re6 24.Qf2 f5 25.Nc7 Rb8 26.Nxe6 Nxe6 27.Bd5 Qxd6 28.Rae1
Qc7 29.g4 Kg7 30.gxf5 Nf4 31.Be6 b6 32.Qh4 gxf5 33.Rxf4 Bxe6 34.Rg1+ Kf8 
35.Qh6+ Ke7 36.Rg7+ Bf7 37.Rxf7+ Kxf7 38.Qxh7+ Ke6 39.Qxc7 exf4 40.Qxb8 
1-0

[Event "XVII Memorial Edoardo Crespi A"]
[Site "Milano ITA"]
[Date "1996.12.22"]
[Round "8"]
[White "Di Fonzo, Valerio"]
[Black "Dorighet, Claudio"]
[Result "1/2-1/2"]
[WhiteElo "2225"]
[BlackElo "1897"]
[PlyCount "86"]
[EventDate "1996.12.15"]

1.e4 c5 2.Nf3 d6 3.d4 cxd4 4.Nxd4 Nf6 5.f3 a6 6.c4 e5 7.Nc2 Be6 8.Nc3 Be7 
9.Be3 Nbd7 10.Nd5 Bxd5 11.cxd5 O-O 12.g3 h6 13.Bg2 Nh7 14.O-O Bg5 15.f4 
Bf6 16.fxe5 Nxe5 17.Nd4 Rc8 18.Bf2 g6 19.h3 Bg7 20.Qb3 Qd7 21.Rac1 h5 22.
Be3 Rxc1 23.Rxc1 Rc8 24.Rc2 Bf6 25.Kh2 Rc7 26.Rxc7 Qxc7 27.Qc3 Qc4 28.Bg1 
Nf8 29.Qxc4 Nxc4 30.b3 Nd2 31.Ne2 Nd7 32.Be3 Nb1 33.Bc1 Nc3 34.Nxc3 Bxc3 
35.Bf4 Be5 36.h4 Kf8 37.Bh3 Ke7 38.Bxd7 Kxd7 39.Bxe5 dxe5 40.g4 f6 41.gxh5
gxh5 42.b4 Kd6 43.Kg3 b5 1/2-1/2

[Event "XVII Memorial Edoardo Crespi A"]
[Site "Milano ITA"]
[Date "1996.12.22"]
[Round "8"]
[White "Duarte, Riccardo"]
[Black "Rossi, Giampiero"]
[Result "0-1"]
[WhiteElo "2005"]
[BlackElo "2105"]
[PlyCount "44"]
[EventDate "1996.12.15"]

1.e4 c5 2.f4 e6 3.Nf3 Nc6 4.Bb5 Nge7 5.c3 g6 6.d3 Bg7 7.Be3 b6 8.Nbd2 O-O 
9.O-O d6 10.Ba4 Bd7 11.Bc2 Qc7 12.d4 Rac8 13.Rc1 Qb8 14.Qe1 cxd4 15.Nxd4 
Nxd4 16.Bxd4 Bxd4+ 17.cxd4 Rc7 18.Qh4 Qc8 19.Qxe7 Bb5 20.Qxd6 Bxf1 21.Rxf1
Rxc2 22.Qb4 b5 0-1

[Event "XVII Memorial Edoardo Crespi A"]
[Site "Milano ITA"]
[Date "1996.12.22"]
[Round "8"]
[White "Luppi, Sergio"]
[Black "Facchetti, Gianni"]
[Result "0-1"]
[WhiteElo "1985"]
[BlackElo "2170"]
[PlyCount "92"]
[EventDate "1996.12.15"]

1.Nf3 Nf6 2.g3 d6 3.d4 Nbd7 4.Bg2 e5 5.c4 Be7 6.O-O c6 7.Nc3 O-O 8.e4 Qc7 
9.h3 Re8 10.Be3 Bf8 11.d5 a5 12.Nd2 Nc5 13.a3 cxd5 14.cxd5 Bd7 15.Nb3 b6 
16.a4 g6 17.Re1 Nh5 18.Bf1 Ng7 19.Nd2 f5 20.Rc1 Reb8 21.Kh2 Qd8 22.Be2 f4 
23.Bxc5 bxc5 24.Nc4 Rb4 25.Nb5 Qf6 26.Rf1 Rb8 27.Nxa5 Ra8 28.Nc4 Raxa4 29.
b3 Ra8 30.Nc3 Rab8 31.Rb1 Be7 32.Bf3 Rf8 33.Qe2 Rf7 34.Na2 Rb8 35.Nc3 Rbf8
36.Nd2 Qg5 37.Rb2 Qf6 38.g4 Qh4 39.Rbb1 h5 40.Rg1 Ne8 41.Ra1 Nf6 42.Ra7 
hxg4 43.Bxg4 Nxg4+ 44.Rxg4 Bxg4 45.Qxg4 Qxf2+ 46.Qg2 Qxg2+ 0-1

[Event "XVII Memorial Edoardo Crespi A"]
[Site "Milano ITA"]
[Date "1996.12.22"]
[Round "8"]
[White "Misiano, Franco"]
[Black "Murgia, Andrea"]
[Result "1-0"]
[WhiteElo "2225"]
[BlackElo "2175"]
[PlyCount "77"]
[EventDate "1996.12.15"]

1.e4 e5 2.Nf3 Nc6 3.Bb5 a6 4.Ba4 d6 5.c3 Bd7 6.O-O Nge7 7.d4 Ng6 8.Be3 Be7
9.dxe5 dxe5 10.Nbd2 O-O 11.Bc2 Kh8 12.Re1 Bf6 13.h3 Qe7 14.Nf1 Rad8 15.Qc1
Nh4 16.N1h2 Rg8 17.Bg5 Ng6 18.Be3 Nf8 19.Nf1 g5 20.Ng3 g4 21.hxg4 Rxg4 22.
Nh2 Rh4 23.Nf3 Rg4 24.Nh2 Rg8 25.Nf5 Bxf5 26.exf5 Nd7 27.Be4 Nc5 28.Qc2 
Rd7 29.b4 Nxe4 30.Qxe4 Rgd8 31.Ng4 Bg5 32.Bc5 Qe8 33.g3 f6 34.f4 Rd3 35.
fxg5 Rxg3+ 36.Kf2 Rxc3 37.Nxf6 Rd2+ 38.Re2 Qd8 39.Rh1 1-0

[Event "XVII Memorial Edoardo Crespi A"]
[Site "Milano ITA"]
[Date "1996.12.22"]
[Round "8"]
[White "Nurkic, Sahbaz"]
[Black "Marcoli, Paolo"]
[Result "1-0"]
[WhiteElo "2405"]
[BlackElo "2150"]
[PlyCount "71"]
[EventDate "1996.12.15"]

1.e4 c5 2.c3 e6 3.d4 d5 4.exd5 exd5 5.Nf3 Nc6 6.Be2 cxd4 7.Nxd4 Bc5 8.O-O 
Nge7 9.Nb3 Bd6 10.N1d2 O-O 11.Nf3 Bf5 12.Nfd4 Be4 13.Re1 a6 14.Bf1 Qd7 15.
Bd3 f5 16.f4 Rad8 17.Be3 g5 18.Ne2 Ng6 19.Bxe4 dxe4 20.Qd5+ Qf7 21.Qxf7+ 
Rxf7 22.fxg5 f4 23.Bb6 f3 24.Ng3 Bc7 25.Bf2 Nf4 26.Nxe4 Nxg2 27.Red1 Kg7 
28.Rxd8 Bxd8 29.Rd1 Nf4 30.Nd4 Nh3+ 31.Kf1 Nxf2 32.Nxf2 Nxd4 33.Rxd4 Bxg5 
34.Rg4 Kh6 35.h4 Bc1 36.Nd3 1-0

[Event "XVII Memorial Edoardo Crespi A"]
[Site "Milano ITA"]
[Date "1996.12.22"]
[Round "8"]
[White "Vismara, Daniele"]
[Black "Qendro, Llambi"]
[Result "1/2-1/2"]
[WhiteElo "2155"]
[BlackElo "2325"]
[PlyCount "139"]
[EventDate "1996.12.15"]

1.e4 g6 2.d4 Bg7 3.Nf3 c6 4.Nc3 d5 5.exd5 cxd5 6.Bf4 Nf6 7.Qd2 Nc6 8.Ne5 
O-O 9.f3 Nh5 10.Nxc6 bxc6 11.Bh6 Bxh6 12.Qxh6 Rb8 13.O-O-O Qa5 14.Qd2 Qb4 
15.b3 a5 16.Nb1 Qb6 17.Nc3 Qb4 18.Nb1 Rb6 19.Qxb4 axb4 20.c3 Ba6 21.cxb4 
Bxf1 22.Rhxf1 Rxb4 23.Kb2 Rfb8 24.Na3 Nf4 25.Rd2 Ne6 26.Nc2 R4b6 27.b4 Nc7
28.a3 Ra8 29.Kb3 Rba6 30.Ra1 Ra4 31.Rd3 Nb5 32.Kb2 Kf8 33.g4 h6 34.f4 e6 
35.Ne1 Nd6 36.Rc1 Nc4+ 37.Rxc4 dxc4 38.Rc3 Ke7 39.Nc2 g5 40.fxg5 hxg5 41.
Ne3 Rh8 42.Nxc4 Rxh2+ 43.Kb3 Ra6 44.Ne5 f5 45.Nxc6+ Kd6 46.Ne5 Kd5 47.b5 
Rb6 48.a4 Rh1 49.Nc6 Ke4 50.Rc5 f4 51.Re5+ Kf3 52.a5 Rb1+ 53.Kc4 Rc1+ 54.
Kb4 Rb1+ 55.Kc4 Rc1+ 56.Kd3 Rbxc6 57.bxc6 Rxc6 58.Rxg5 Kg3 59.Rg6 f3 60.
Rf6 f2 61.Ke4 Kg2 62.g5 Ra6 63.Rxf2+ Kxf2 64.Ke5 Ke3 65.g6 Ra7 66.a6 Kd3 
67.Kf6 Rxa6 68.g7 Ra8 69.Kxe6 Kxd4 70.Kf7 1/2-1/2

[Event "XVII Memorial Edoardo Crespi A"]
[Site "Milano ITA"]
[Date "1996.12.23"]
[Round "9"]
[White "Caruso, Daniele"]
[Black "Facchetti, Gianni"]
[Result "1/2-1/2"]
[WhiteElo "2155"]
[BlackElo "2170"]
[PlyCount "129"]
[EventDate "1996.12.15"]

1.e4 e5 2.Nf3 Nc6 3.Nc3 Nf6 4.d4 exd4 5.Nxd4 Bc5 6.Nxc6 bxc6 7.Bd3 O-O 8.
O-O Re8 9.Bg5 h6 10.Bd2 Bf8 11.Qf3 d6 12.h3 Nd7 13.Qg3 Qf6 14.Rae1 Ne5 15.
Be2 Qg6 16.Qxg6 Nxg6 17.f4 Be7 18.Bd3 Bf6 19.Kh2 Bd7 20.Nd1 Re7 21.Bc3 
Bxc3 22.Nxc3 Rae8 23.Re2 Nf8 24.f5 Nh7 25.Rfe1 Bc8 26.g4 Nf6 27.Kg3 Nd7 
28.Kf4 Ne5 29.Re3 g5+ 30.fxg6 fxg6 31.Ne2 g5+ 32.Kg3 c5 33.Nc3 Bb7 34.Rf1 
Rf8 35.Ree1 Bc6 36.Rxf8+ Kxf8 37.Ba6 Rf7 38.Rf1 Rxf1 39.Bxf1 Ke7 40.Kf2 
Kf6 41.Ke3 Ng6 42.Nb5 Bxb5 43.Bxb5 Ke5 44.c3 Nf4 45.Bf1 c6 46.Kf3 d5 47.
exd5 cxd5 48.Ke3 a5 49.b3 d4+ 50.cxd4+ cxd4+ 51.Kf3 Nd5 52.a3 Nc3 53.Bd3 
Kd5 54.Bc4+ Ke5 55.Bd3 Nd5 56.Bc4 Nf4 57.Bf1 Kd5 58.h4 Ng6 59.Bc4+ Ke5 60.
hxg5 hxg5 61.Bd3 Ne7 62.b4 axb4 63.axb4 Nd5 64.b5 Nb6 65.Bf5 1/2-1/2

[Event "XVII Memorial Edoardo Crespi A"]
[Site "Milano ITA"]
[Date "1996.12.23"]
[Round "9"]
[White "Cazzaniga, Walter"]
[Black "Luppi, Sergio"]
[Result "1-0"]
[WhiteElo "2235"]
[BlackElo "1985"]
[PlyCount "65"]
[EventDate "1996.12.15"]

1.d4 g6 2.Nf3 Bg7 3.h3 c5 4.c3 cxd4 5.cxd4 d5 6.Nc3 Nf6 7.Bf4 Qa5 8.e3 Nc6
9.Bd3 O-O 10.a3 Bf5 11.Bxf5 gxf5 12.b4 Qd8 13.Rc1 Rc8 14.O-O Ne4 15.Qb3 e6
16.Rc2 Nd6 17.Bxd6 Qxd6 18.Rd1 Bf6 19.Ne2 Ne7 20.Rdc1 Rxc2 21.Rxc2 Rc8 22.
Rxc8+ Nxc8 23.Nf4 Nb6 24.Nh5 Bh8 25.g4 fxg4 26.hxg4 Qc7 27.Qb1 f6 28.Kg2 
Qc4 29.g5 f5 30.Qh1 Qd3 31.Nf4 Qe4 32.Qh5 Kf8 33.Qxh7 1-0

[Event "XVII Memorial Edoardo Crespi A"]
[Site "Milano ITA"]
[Date "1996.12.23"]
[Round "9"]
[White "Dorighet, Claudio"]
[Black "Vismara, Daniele"]
[Result "0-1"]
[WhiteElo "1897"]
[BlackElo "2155"]
[PlyCount "92"]
[EventDate "1996.12.15"]

1.c4 Nf6 2.Nc3 g6 3.g3 Bg7 4.Bg2 d6 5.e3 e5 6.Nge2 c6 7.d4 O-O 8.O-O Re8 
9.b3 e4 10.Qd2 Bf5 11.Bb2 Nbd7 12.Rae1 Qe7 13.a4 h5 14.Nf4 g5 15.Bh3 Bh7 
16.Nfe2 Nf8 17.Ba3 Bh6 18.d5 c5 19.Kh1 Ng6 20.Rd1 Ne5 21.Ng1 h4 22.Bg2 Bg6
23.gxh4 gxh4 24.Nce2 Bh5 25.Bb2 Kh8 26.f4 exf3 27.Nxf3 h3 28.Neg1 hxg2+ 
29.Qxg2 Bg6 30.Qh3 Kg7 31.Qg3 Nfd7 32.Nh4 Kh7 33.Nf5 Bxf5 34.Rxf5 Rg8 35.
Qh3 Rg6 36.Rdf1 Rag8 37.Ne2 f6 38.Nf4 Rg5 39.Nh5 R8g6 40.Nf4 Rg8 41.Ne6 
Rxf5 42.Qxf5+ Kh8 43.Qh3 Qh7 44.Bxe5 Nxe5 45.Rf5 Ng4 46.e4 Qxf5 0-1

[Event "XVII Memorial Edoardo Crespi A"]
[Site "Milano ITA"]
[Date "1996.12.23"]
[Round "9"]
[White "Marcoli, Paolo"]
[Black "Misiano, Franco"]
[Result "0-1"]
[WhiteElo "2150"]
[BlackElo "2225"]
[PlyCount "110"]
[EventDate "1996.12.15"]

1.e4 e6 2.Nc3 d5 3.Nf3 Nf6 4.e5 Nfd7 5.d4 c5 6.dxc5 Nc6 7.Bf4 Bxc5 8.Bd3 
f6 9.exf6 Nxf6 10.O-O O-O 11.a3 a6 12.b4 Bb6 13.Na4 Bc7 14.Bxc7 Qxc7 15.
Rc1 e5 16.Be2 h6 17.c4 d4 18.c5 Be6 19.Nb6 Rad8 20.Bc4 Bxc4 21.Nxc4 e4 22.
Nh4 Rd5 23.Ng6 Rfd8 24.Nd6 R8xd6 25.cxd6 Qxd6 26.Rc5 Rxc5 27.bxc5 Qxc5 28.
Qb3+ Kh7 29.Qf7 Nd8 30.Qe7 Qxe7 31.Nxe7 Ne6 32.Rd1 d3 33.f3 Nc5 34.fxe4 
Nfxe4 35.Nd5 d2 36.Ne3 Na4 37.g3 b5 38.Kg2 Nac3 39.Rf1 a5 40.Nd1 b4 41.
axb4 axb4 42.Kf3 b3 43.Nb2 d1=Q+ 44.Nxd1 Nd2+ 45.Kf2 Nxd1+ 46.Rxd1 b2 47.
Ke3 b1=Q 48.Rxd2 Kg6 49.Rf2 Qg1 50.Kf3 Kf5 51.Re2 g5 52.Rf2 Qh1+ 53.Rg2 
g4+ 54.Kf2 Ke4 55.Rg1 Qxh2+ 0-1

[Event "XVII Memorial Edoardo Crespi A"]
[Site "Milano ITA"]
[Date "1996.12.23"]
[Round "9"]
[White "Podini, Francesco"]
[Black "Bemporad, Filippo"]
[Result "1/2-1/2"]
[WhiteElo "1884"]
[BlackElo "1900"]
[PlyCount "89"]
[EventDate "1996.12.15"]

1.c4 Nf6 2.Nc3 g6 3.e4 d6 4.g3 Bg7 5.Bg2 e5 6.Nge2 Nc6 7.O-O O-O 8.h3 Ne8 
9.d3 f5 10.exf5 Bxf5 11.Nd5 Rb8 12.a4 Qd7 13.Kh2 Ne7 14.Nxe7+ Qxe7 15.Nc3 
c6 16.Be3 c5 17.a5 Nc7 18.Qd2 Qd7 19.Rfb1 Na6 20.Nd5 Be6 21.Qe1 Kh8 22.Bd2
Nc7 23.Nxc7 Qxc7 24.Ra2 Bd7 25.b4 cxb4 26.Rxb4 Bc6 27.Be3 Bxg2 28.Kxg2 a6 
29.Rb6 d5 30.cxd5 Qd7 31.d6 Qe6 32.Qb1 Qd5+ 33.Kh2 Rfd8 34.Qb3 Rxd6 35.
Qxd5 Rxd5 36.Rb3 Rd7 37.Rc2 Kg8 38.Rc4 Rf8 39.Kg2 Rff7 40.Rc8+ Rf8 41.Rc4 
Bf6 42.Kf1 Rff7 43.Ke2 Bd8 44.Bb6 Bxb6 45.Rxb6 1/2-1/2

[Event "XVII Memorial Edoardo Crespi A"]
[Site "Milano ITA"]
[Date "1996.12.23"]
[Round "9"]
[White "Qendro, Llambi"]
[Black "Mrdja, Milan"]
[Result "0-1"]
[WhiteElo "2325"]
[BlackElo "2455"]
[PlyCount "56"]
[EventDate "1996.12.15"]

1.d4 Nf6 2.c4 g6 3.Nc3 Bg7 4.e4 d6 5.Nf3 O-O 6.Be2 c5 7.d5 e6 8.O-O exd5 
9.cxd5 Re8 10.Nd2 Na6 11.Kh1 Nc7 12.a4 a6 13.f4 Rb8 14.a5 Bd7 15.e5 dxe5 
16.Nc4 Bb5 17.d6 Ne6 18.fxe5 Nd7 19.Nd5 Bxc4 20.Ne7+ Kh8 21.Bxc4 Nxe5 22.
Bxe6 fxe6 23.Be3 c4 24.Bg5 Qd7 25.Qd4 Nf3 26.Qf4 Nxg5 27.Qxg5 Qxd6 28.Rf7 
Rf8 0-1

[Event "XVII Memorial Edoardo Crespi A"]
[Site "Milano ITA"]
[Date "1996.12.23"]
[Round "9"]
[White "Rossi, Giampiero"]
[Black "Bolico, Exfelicos"]
[Result "1-0"]
[WhiteElo "2105"]
[BlackElo "2220"]
[PlyCount "81"]
[EventDate "1996.12.15"]

1.d4 Nf6 2.c4 c5 3.dxc5 e6 4.Nc3 Bxc5 5.Nf3 O-O 6.a3 a5 7.Bg5 h6 8.Bh4 Be7
9.e3 Nc6 10.Be2 b6 11.O-O Bb7 12.Rc1 d5 13.cxd5 Nxd5 14.Nxd5 Bxh4 15.Nxh4 
exd5 16.Nf3 Re8 17.Bb5 Rc8 18.Qd2 Re6 19.Bxc6 Rexc6 20.Rxc6 Rxc6 21.Rc1 
Qc8 22.Rxc6 Qxc6 23.Nd4 Qg6 24.Qc2 Qxc2 25.Nxc2 Ba6 26.Nd4 Kf8 27.f3 g6 
28.Kf2 a4 29.Ke1 Ke7 30.Kd2 Kd6 31.Kc3 Ke5 32.g4 Bc8 33.h3 Bd7 34.h4 h5 
35.gxh5 gxh5 36.Ne2 Bf5 37.Nf4 Bg6 38.Nxg6+ fxg6 39.e4 dxe4 40.fxe4 Kxe4 
41.Kd2 1-0

[Event "I Scaccomatto A"]
[Site "Torino ITA"]
[Date "1996.12.08"]
[Round "1"]
[White "Arlandi, Ennio"]
[Black "Malano, Francesco"]
[Result "1-0"]
[WhiteElo "2445"]
[BlackElo "2080"]
[PlyCount "64"]
[EventDate "1996.12.08"]

1. d4 Nf6 2. c4 e6 3. Nc3 Bb4 4. Qc2 O-O 5. a3 Bxc3+ 6. Qxc3 b6 7. Bg5 Bb7 8.
f3 d5 9. e3 Nbd7 10. cxd5 exd5 11. Bd3 Re8 12. Ne2 h6 13. Bh4 Qe7 14. Bf2 c5
15. O-O c4 16. Bc2 b5 17. Qa5 a6 18. Ng3 g6 19. Rae1 Qd8 20. Qd2 a5 21. e4 dxe4
22. fxe4 Kg7 23. Qf4 Qe7 24. Be3 Ng8 25. Re2 Ra6 26. e5 Nb6 27. Ref2 Bd5 28.
Ne4 Bxe4 29. Qxf7+ Qxf7 30. Rxf7+ Kh8 31. Bxe4 Na4 32. d5 Nxb2 1-0

[Event "I Scaccomatto A"]
[Site "Torino ITA"]
[Date "1996.12.08"]
[Round "1"]
[White "Canelli, Daniele"]
[Black "Skembris, Spyridon"]
[Result "0-1"]
[WhiteElo "2070"]
[BlackElo "2420"]
[PlyCount "28"]
[EventDate "1996.12.08"]

1. e4 e5 2. Nf3 Nc6 3. Bc4 Bc5 4. O-O Nf6 5. d3 d6 6. h3 a6 7. a3 Ba7 8. Bg5 h6
9. Bh4 g5 10. Nxg5 hxg5 11. Bxg5 Rg8 12. h4 Bg4 13. Qd2 Qd7 14. Bxf6 Bf3 0-1

[Event "I Scaccomatto A"]
[Site "Torino ITA"]
[Date "1996.12.08"]
[Round "1"]
[White "Godena, Michele"]
[Black "Faraoni, Enrico"]
[Result "1-0"]
[WhiteElo "2550"]
[BlackElo "2160"]
[PlyCount "63"]
[EventDate "1996.12.08"]

1. e4 e6 2. d4 d5 3. Nd2 Nf6 4. e5 Nfd7 5. Bd3 c5 6. c3 Nc6 7. Ne2 cxd4 8. cxd4
Nb6 9. O-O Bd7 10. Nf3 Nb4 11. Bb1 a5 12. Nf4 g6 13. g3 Be7 14. Ng2 h5 15. h4
Kf8 16. Bg5 Kg7 17. Nf4 Rc8 18. Re1 a4 19. Bxe7 Qxe7 20. Ng5 Rh6 21. a3 Nc6 22.
Bd3 Na5 23. Rc1 Nbc4 24. Rc2 b5 25. Bxc4 bxc4 26. Rc3 Rb8 27. Rf3 Rhh8 28. Nxd5
Qxg5 29. hxg5 exd5 30. Rxf7+ Kxf7 31. e6+ Bxe6 32. Qf3+ 1-0

[Event "I Scaccomatto A"]
[Site "Torino ITA"]
[Date "1996.12.08"]
[Round "1"]
[White "Luther, Thomas"]
[Black "Rossi, Giampiero"]
[Result "1-0"]
[WhiteElo "2495"]
[BlackElo "2105"]
[PlyCount "53"]
[EventDate "1996.12.08"]

1. e4 c5 2. Nf3 e6 3. d4 cxd4 4. Nxd4 a6 5. Bd3 Nc6 6. Nxc6 dxc6 7. Nd2 e5 8.
Qh5 Bd6 9. Nc4 Bc7 10. Bg5 Nf6 11. Qe2 h6 12. Bh4 O-O 13. O-O-O Re8 14. Ne3 Qe7
15. g4 g5 16. Bg3 Nh7 17. h4 Nf8 18. hxg5 hxg5 19. Nf5 Qf6 20. f3 Ng6 21. Qh2
Bxf5 22. Qh7+ Kf8 23. gxf5 Nf4 24. Rh6 Qg7 25. Bxf4 exf4 26. f6 Qg8 27. Qxg8+
1-0

[Event "I Scaccomatto A"]
[Site "Torino ITA"]
[Date "1996.12.08"]
[Round "1"]
[White "Mola, Pietro"]
[Black "Saccona, Silvano"]
[Result "1-0"]
[WhiteElo "2175"]
[BlackElo "1909"]
[PlyCount "57"]
[EventDate "1996.12.08"]

1. e4 c6 2. c4 e6 3. d4 d5 4. e5 dxc4 5. Bxc4 Nd7 6. Nf3 Nb6 7. Bd3 Ne7 8.
O-O Nf5 9. Bg5 Be7 10. Bxe7 Qxe7 11. Nc3 O-O 12. Qe2 Rd8 13. Rad1 Nd5 14.
Qe4 g6 15. Qe2 Nxc3 16. bxc3 b6 17. Nd2 Ng7 18. Ne4 Ne8 19. Qe3 Kg7 20. c4
Ba6 21. f4 Rac8 22. g4 c5 23. f5 cxd4 24. f6+ Nxf6 25. exf6+ Qxf6 26. Qg3
Qe7 27. Qe5+ Kg8 28. Nf6+ Kf8 29. Nd5 1-0

[Event "I Scaccomatto A"]
[Site "Torino ITA"]
[Date "1996.12.08"]
[Round "1"]
[White "Nurkic, Sahbaz"]
[Black "Sacchini, Michele"]
[Result "1-0"]
[WhiteElo "2405"]
[BlackElo "2065"]
[PlyCount "47"]
[EventDate "1996.12.08"]

1. e4 c5 2. c3 b6 3. d4 Bb7 4. f3 e6 5. Be3 Nf6 6. Bd3 Be7 7. Ne2 d6 8. O-O O-O
9. Ng3 Nbd7 10. Nd2 Re8 11. f4 cxd4 12. cxd4 a6 13. Qe2 Bf8 14. Rf2 Rc8 15.
Raf1 Nb8 16. e5 Nd5 17. f5 Rc7 18. fxe6 Rxe6 19. Nde4 dxe5 20. Ng5 Nf4 21. Bxf4
Rh6 22. Nxf7 Rxf7 23. Bxh6 Rxf2 24. Qxf2 1-0

[Event "I Scaccomatto A"]
[Site "Torino ITA"]
[Date "1996.12.08"]
[Round "1"]
[White "Ranieri, Fabrizio"]
[Black "Crea, Vincenzo"]
[Result "1/2-1/2"]
[WhiteElo "2113"]
[BlackElo "2195"]
[PlyCount "47"]
[EventDate "1996.12.08"]

1. e4 e6 2. d4 d5 3. Nc3 Nf6 4. e5 Nfd7 5. Nce2 c5 6. c3 Nc6 7. Nf3 b5 8. Nf4
Qb6 9. Be2 cxd4 10. cxd4 Bb4+ 11. Kf1 Be7 12. h4 a5 13. Be3 Ba6 14. g3 b4 15.
Bxa6 Qxa6+ 16. Kg2 Nb6 17. b3 a4 18. Qb1 Nc8 19. Nh5 g6 20. Nf4 axb3 21. axb3
Qxa1 22. Qxa1 Rxa1 23. Rxa1 N8a7 24. Nd3 1/2-1/2

[Event "I Scaccomatto A"]
[Site "Torino ITA"]
[Date "1996.12.09"]
[Round "2"]
[White "Costantino, Giampaolo"]
[Black "Arlandi, Ennio"]
[Result "0-1"]
[WhiteElo "2165"]
[BlackElo "2445"]
[PlyCount "80"]
[EventDate "1996.12.08"]

1. d4 Nf6 2. c4 e6 3. Nf3 Bb4+ 4. Nbd2 d5 5. a3 Be7 6. Qc2 O-O 7. b3 b6 8. e3
Bb7 9. Bd3 Nbd7 10. Bb2 c5 11. O-O Rc8 12. Ne5 cxd4 13. exd4 g6 14. f4 Nxe5 15.
fxe5 Ng4 16. Rfe1 Bg5 17. Nf3 Be3+ 18. Kf1 Bf4 19. Bc1 Nxh2+ 20. Nxh2 Bxh2 21.
Bh6 dxc4 22. bxc4 Qxd4 23. Bxf8 Kxf8 24. Qd2 Qg1+ 25. Ke2 Qxg2+ 26. Kd1 Qf3+
27. Kc2 Bf4 28. Qb4+ Rc5 29. a4 Kg7 30. a5 Qf2+ 31. Re2 Qd4 32. axb6 axb6 33.
Ra7 Bf3 34. Re1 b5 35. Ra5 Qf2+ 36. Kb3 Bd2 37. Rf1 bxc4+ 38. Ka4 Bd1+ 39. Rxd1
Bxb4 40. Kxb4 Rxa5 0-1